| 000 | 00752nam a22002177a 4500 | ||
|---|---|---|---|
| 005 | 20130521121557.0 | ||
| 010 | _aB-504980-988 | ||
| 020 |
_a9789350352359 _c150.00 |
||
| 035 | _aB-504980-988 | ||
| 037 | _bUBH/Ven | ||
| 082 | _a340.14 | ||
| 100 | _aArora, Manish | ||
| 245 |
_aShort Essay &Paragraphs on LAW : _binclude Legal Personalities / _cby Manish Arora |
||
| 250 | _a9th ed. | ||
| 260 |
_aNew Delhi _bUniversal Law Publishing _cc2012 |
||
| 270 |
_aC-FF-1A, Dilkhush Industrial Estate, G.T.Karnal Road, _bDelhi _e110033 |
||
| 300 |
_axi,154p.: _c24cm(pbk). |
||
| 500 | _aIt include index | ||
| 942 |
_2ddc _cEN _mARO _h340.14 |
||
| 999 |
_c74428 _d74428 |
||